Process and methodology of appraisal of officers of the police of the Czech Republic

Charakteristika organizácie útvaru v rámci Českej republiky. Proces ohodnocovania úradníkov (dôstojníkov) v polícii ČR. Význam spätnej väzby pri metóde ohodnocovania a význam spôsobu vnímania hodnotenia samostatným úradníkom.

Guardado en:
Detalles Bibliográficos
Autor principal: Jedinák, Petr
Otros Autores: Římsky, Tomáš
Formato: Capítulo de libro
Lenguaje:inglés
Materias:
Etiquetas: Agregar Etiqueta
Sin Etiquetas, Sea el primero en etiquetar este registro!

MARC

LEADER 00000naa a2200000 4500
001 0184337
005 20231106130958.2
041 0 |a eng 
044 |a SK 
245 1 0 |a Process and methodology of appraisal of officers of the police of the Czech Republic  |c Petr Jedinák, Tomáš Římsky 
520 |a Charakteristika organizácie útvaru v rámci Českej republiky. Proces ohodnocovania úradníkov (dôstojníkov) v polícii ČR. Význam spätnej väzby pri metóde ohodnocovania a význam spôsobu vnímania hodnotenia samostatným úradníkom. 
610 2 0 |a oceňovanie 
610 2 0 |a metodológia 
610 2 0 |a väzba spätná 
610 2 0 |a výskum 
610 2 0 |a polícia 
100 1 |a Jedinák, Petr 
700 1 |a Římsky, Tomáš